Úřední oceňování majetku. Zákon č. 151/1997 Sb., o oceňování majetku, ve znění zákona č. 121/2000 Sb. Vyhláška Ministerstva financí č. 279/1997 Sb., kterou se provádějí některá ustanovení zákona č. 151/1997 Sb., o oceňování majetku, ve znění pla /
Saved in:
| Main Author: | |
|---|---|
| Other Authors: | , |
| Format: | Book |
| Language: | Czech |
| Published: |
Brno :
Akademické nakladatelství CERM,
2001
|
| Edition: | [1. vyd.] |
| Subjects: | |
| ISBN: | 8072042130 |
| Online Access: |
|
| Tags: |
Add Tag
No Tags, Be the first to tag this record!
|
MARC
| LEADER | 00000nam a2200000 4500 | ||
|---|---|---|---|
| 003 | SK-BrCVT | ||
| 005 | 20220617204558.0 | ||
| 008 | 020804s2001 xr e ||||||cze d | ||
| 020 | |a 8072042130 | ||
| 035 | |a CVTIDW0964250 | ||
| 040 | |b slo |a CVTI SR | ||
| 041 | 0 | |a cze | |
| 044 | |a xr | ||
| 080 | |a 347.2:332 |2 UDC-MRF | ||
| 100 | 1 | |a Bradáč, Albert | |
| 245 | 1 | 0 | |a Úřední oceňování majetku. Zákon č. 151/1997 Sb., o oceňování majetku, ve znění zákona č. 121/2000 Sb. Vyhláška Ministerstva financí č. 279/1997 Sb., kterou se provádějí některá ustanovení zákona č. 151/1997 Sb., o oceňování majetku, ve znění pla / |c Albert Bradáč, Pavel Krejčíř, Alena Hallerová |
| 250 | |a [1. vyd.] | ||
| 260 | |a Brno : |b Akademické nakladatelství CERM, |c 2001 | ||
| 300 | |a 254 s. : |b lit., tab. ; | ||
| 653 | 1 | |a oceňovanie |a nehnuteľnosť |a vecné bremeno |a hnuteľnosť | |
| 692 | |a BA OR JM MM | ||
| 700 | 1 | |a Krejčíř, Pavel | |
| 700 | 1 | |a Hallerová, Alena | |
| 910 | |b A583817 | ||
| 919 | |a 80-7204-213-0 | ||
| 974 | |f Knihy | ||
| 992 | |a IZK | ||
| 999 | |c 118842 |d 118842 | ||

